<?xml version="1.0" encoding="UTF-8"?>
<record
    xmlns:xsi="http://www.w3.org/2001/XMLSchema-instance"
    xsi:schemaLocation="http://www.loc.gov/MARC21/slim http://www.loc.gov/standards/marcxml/schema/MARC21slim.xsd"
    xmlns="http://www.loc.gov/MARC21/slim">

  <leader>00422nam a2200169   4500</leader>
  <controlfield tag="003">SEACOMEC</controlfield>
  <controlfield tag="005">20240220124530.0</controlfield>
  <controlfield tag="008">240220b        |||||||| |||| 00| 0 eng d</controlfield>
  <datafield tag="020" ind1=" " ind2=" ">
    <subfield code="c">Rs.300.00</subfield>
  </datafield>
  <datafield tag="040" ind1=" " ind2=" ">
    <subfield code="a">SEACOMEC</subfield>
  </datafield>
  <datafield tag="082" ind1=" " ind2=" ">
    <subfield code="a">530</subfield>
    <subfield code="b">V341</subfield>
  </datafield>
  <datafield tag="100" ind1=" " ind2=" ">
    <subfield code="a">Vasudeva,A.S.</subfield>
  </datafield>
  <datafield tag="245" ind1="1" ind2=" ">
    <subfield code="a">Modern engineering physics</subfield>
    <subfield code="c">A.S. Vasudeva</subfield>
  </datafield>
  <datafield tag="260" ind1=" " ind2=" ">
    <subfield code="a">New Delhi</subfield>
    <subfield code="b">S Chand</subfield>
    <subfield code="c">2006</subfield>
  </datafield>
  <datafield tag="650" ind1=" " ind2=" ">
    <subfield code="a">Natural sciences Physics</subfield>
  </datafield>
  <datafield tag="942" ind1=" " ind2=" ">
    <subfield code="c">BOOK</subfield>
  </datafield>
  <datafield tag="952" ind1=" " ind2=" ">
    <subfield code="0">0</subfield>
    <subfield code="1">0</subfield>
    <subfield code="2">ddc</subfield>
    <subfield code="4">0</subfield>
    <subfield code="7">0</subfield>
    <subfield code="a">SEACOMEC</subfield>
    <subfield code="b">SEACOMEC</subfield>
    <subfield code="d">2006-06-08</subfield>
    <subfield code="l">0</subfield>
    <subfield code="o">530 V341</subfield>
    <subfield code="p">02680</subfield>
    <subfield code="r">2024-02-20 12:45:58</subfield>
    <subfield code="t">10</subfield>
    <subfield code="w">2024-02-20</subfield>
    <subfield code="y">BOOK</subfield>
  </datafield>
  <datafield tag="952" ind1=" " ind2=" ">
    <subfield code="0">0</subfield>
    <subfield code="1">0</subfield>
    <subfield code="2">ddc</subfield>
    <subfield code="4">0</subfield>
    <subfield code="7">0</subfield>
    <subfield code="a">SEACOMEC</subfield>
    <subfield code="b">SEACOMEC</subfield>
    <subfield code="d">2006-06-08</subfield>
    <subfield code="l">0</subfield>
    <subfield code="o">530 V341</subfield>
    <subfield code="p">02681</subfield>
    <subfield code="r">2024-02-20 12:45:58</subfield>
    <subfield code="t">11</subfield>
    <subfield code="w">2024-02-20</subfield>
    <subfield code="y">BOOK</subfield>
  </datafield>
  <datafield tag="952" ind1=" " ind2=" ">
    <subfield code="0">0</subfield>
    <subfield code="1">0</subfield>
    <subfield code="2">ddc</subfield>
    <subfield code="4">0</subfield>
    <subfield code="7">0</subfield>
    <subfield code="a">SEACOMEC</subfield>
    <subfield code="b">SEACOMEC</subfield>
    <subfield code="d">2006-06-08</subfield>
    <subfield code="l">0</subfield>
    <subfield code="o">530 V341</subfield>
    <subfield code="p">02682</subfield>
    <subfield code="r">2024-02-20 12:45:58</subfield>
    <subfield code="t">12</subfield>
    <subfield code="w">2024-02-20</subfield>
    <subfield code="y">BOOK</subfield>
  </datafield>
  <datafield tag="952" ind1=" " ind2=" ">
    <subfield code="0">0</subfield>
    <subfield code="1">0</subfield>
    <subfield code="2">ddc</subfield>
    <subfield code="4">0</subfield>
    <subfield code="7">0</subfield>
    <subfield code="a">SEACOMEC</subfield>
    <subfield code="b">SEACOMEC</subfield>
    <subfield code="d">2006-06-08</subfield>
    <subfield code="l">0</subfield>
    <subfield code="o">530 V341</subfield>
    <subfield code="p">02683</subfield>
    <subfield code="r">2024-02-20 12:45:58</subfield>
    <subfield code="t">13</subfield>
    <subfield code="w">2024-02-20</subfield>
    <subfield code="y">BOOK</subfield>
  </datafield>
  <datafield tag="952" ind1=" " ind2=" ">
    <subfield code="0">0</subfield>
    <subfield code="1">0</subfield>
    <subfield code="2">ddc</subfield>
    <subfield code="4">0</subfield>
    <subfield code="7">0</subfield>
    <subfield code="a">SEACOMEC</subfield>
    <subfield code="b">SEACOMEC</subfield>
    <subfield code="d">2006-06-08</subfield>
    <subfield code="l">0</subfield>
    <subfield code="o">530 V341</subfield>
    <subfield code="p">02684</subfield>
    <subfield code="r">2024-02-20 12:45:58</subfield>
    <subfield code="t">14</subfield>
    <subfield code="w">2024-02-20</subfield>
    <subfield code="y">BOOK</subfield>
  </datafield>
  <datafield tag="952" ind1=" " ind2=" ">
    <subfield code="0">0</subfield>
    <subfield code="1">0</subfield>
    <subfield code="2">ddc</subfield>
    <subfield code="4">0</subfield>
    <subfield code="7">0</subfield>
    <subfield code="a">SEACOMEC</subfield>
    <subfield code="b">SEACOMEC</subfield>
    <subfield code="d">2006-06-08</subfield>
    <subfield code="l">0</subfield>
    <subfield code="o">530 V341</subfield>
    <subfield code="p">02685</subfield>
    <subfield code="r">2024-02-20 12:45:58</subfield>
    <subfield code="t">15</subfield>
    <subfield code="w">2024-02-20</subfield>
    <subfield code="y">BOOK</subfield>
  </datafield>
  <datafield tag="952" ind1=" " ind2=" ">
    <subfield code="0">0</subfield>
    <subfield code="1">0</subfield>
    <subfield code="2">ddc</subfield>
    <subfield code="4">0</subfield>
    <subfield code="7">0</subfield>
    <subfield code="a">SEACOMEC</subfield>
    <subfield code="b">SEACOMEC</subfield>
    <subfield code="d">2006-06-08</subfield>
    <subfield code="l">0</subfield>
    <subfield code="o">530 V341</subfield>
    <subfield code="p">02686</subfield>
    <subfield code="r">2024-02-20 12:45:58</subfield>
    <subfield code="t">16</subfield>
    <subfield code="w">2024-02-20</subfield>
    <subfield code="y">BOOK</subfield>
  </datafield>
  <datafield tag="952" ind1=" " ind2=" ">
    <subfield code="0">0</subfield>
    <subfield code="1">0</subfield>
    <subfield code="2">ddc</subfield>
    <subfield code="4">0</subfield>
    <subfield code="7">0</subfield>
    <subfield code="a">SEACOMEC</subfield>
    <subfield code="b">SEACOMEC</subfield>
    <subfield code="d">2006-06-08</subfield>
    <subfield code="l">0</subfield>
    <subfield code="o">530 V341</subfield>
    <subfield code="p">02687</subfield>
    <subfield code="r">2024-02-20 12:45:58</subfield>
    <subfield code="t">17</subfield>
    <subfield code="w">2024-02-20</subfield>
    <subfield code="y">BOOK</subfield>
  </datafield>
  <datafield tag="952" ind1=" " ind2=" ">
    <subfield code="0">0</subfield>
    <subfield code="1">0</subfield>
    <subfield code="2">ddc</subfield>
    <subfield code="4">0</subfield>
    <subfield code="7">0</subfield>
    <subfield code="a">SEACOMEC</subfield>
    <subfield code="b">SEACOMEC</subfield>
    <subfield code="d">2006-06-08</subfield>
    <subfield code="l">0</subfield>
    <subfield code="o">530 V341</subfield>
    <subfield code="p">02688</subfield>
    <subfield code="r">2024-02-20 12:45:58</subfield>
    <subfield code="t">18</subfield>
    <subfield code="w">2024-02-20</subfield>
    <subfield code="y">BOOK</subfield>
  </datafield>
  <datafield tag="952" ind1=" " ind2=" ">
    <subfield code="0">0</subfield>
    <subfield code="1">0</subfield>
    <subfield code="2">ddc</subfield>
    <subfield code="4">0</subfield>
    <subfield code="7">0</subfield>
    <subfield code="a">SEACOMEC</subfield>
    <subfield code="b">SEACOMEC</subfield>
    <subfield code="d">2006-06-08</subfield>
    <subfield code="l">0</subfield>
    <subfield code="o">530 V341</subfield>
    <subfield code="p">02689</subfield>
    <subfield code="r">2024-02-20 12:45:58</subfield>
    <subfield code="t">19</subfield>
    <subfield code="w">2024-02-20</subfield>
    <subfield code="y">BOOK</subfield>
  </datafield>
  <datafield tag="999" ind1=" " ind2=" ">
    <subfield code="c">665</subfield>
    <subfield code="d">665</subfield>
  </datafield>
</record>
